000 00624nam a2200217Ia 4500
005 20250508164540.0
008 008 250505s9999 xx 000 0 hin d
037 _aTextBook
040 _aFEDL
_beng
_cFEDL
041 _ahin
_2eng
084 _a370.15, STE/R
_qFEDL
100 _aStephens J M
_9764214
245 0 _aShiksha manovigyan: Shaikshanik vikaas ka adhyayan
260 _aChandigarh, India
_bHarayana Sahitya Akademi
_c1990
300 _axxi,900p.
365 _aINR
_b120
546 _aMACESE
650 _aEducational psychology
942 _cTB
_h370.15, STE/R
999 _c1389731
_d1389731